00311nam a22000857a 4500008004100000022001400041040005500055245005400110260006100164230828b |||||||| |||| 00| 0 eng d a0732-443X aNational Science LibrarycNational Science Library aCurrent topics in chinese science (earth science) aNew York: bGordon and Breach Science Publishers, c1982